• 首页
  • 本馆介绍
  • 公告通知
  • 最新文献
  • 馆藏检索
  • 电子资源
  • 读者导购
  • 参考咨询
  • 我的图书馆
  • 登录
  • 详细信息显示
  • 放入我的书架
  • 预约/预借图书
  • 作者相关作品
  • 分类相关作品
  • 丛书相关作品
  • 出版社相关作品

书目信息

  • 表格格式
  • 工作单格式
  • 卡片格式
题名:
第三帝国的兴亡
    
 
作者: 夏伊勒 , Shirer 著 ;董乐山 译
分册: 上册  
出版信息: 北京   世界知识出版社  1979
页数: 498页
开本: 20cm
丛书名:
单 册:
中图分类: K516.44 , I712.4
科图分类:
主题词: 德意志第三帝国-历史 , 历史-德意志第三帝国 , 文学
电子资源:
ISBN:
000 01030nam0 2200325 450
001 1573879448
005 20150128203152.35
010    @dCNY1.72
091    @a11003.501@dCNY5.15
100    @a20060218d1979 em y0chiy0121 ea
101 1  @achi@ceng
102    @aCN@b110000
105    @ay z 000yy
200 1  @a第三帝国的兴亡@9di san di guo de xing wang@h上册@e纳粹德国史@f(美)夏伊勒(W.L.Shirer)著@g董乐山等译
210    @a北京@c世界知识出版社@d1979
215    @a498页@c地图@d20cm
300    @a书名原文:The rise and fall of the a history of nazi germany
312    @a并列题名取自版权页
510 1  @aThe rise and fall of the a history of nazi germany@zeng
517 1  @a纳粹德国史@9na cui de guo shi
606 0  @a德意志第三帝国-历史
606 0  @a历史-德意志第三帝国
606 0  @a文学
690    @aK516.44@v5
690    @aI712.4@v4
701  1 @a夏伊勒@9xia yi le@bW.L.@4著
701  0 @aShirer@bW.L.@4著
702  0 @a董乐山@9dong le shan@4译
801  0 @aCN@bTSSF@c20150128
905    @aZUCC@dI712.4@eJY28:1
    
    第三帝国的兴亡.上册:纳粹德国史/(美)夏伊勒(W.L.Shirer)著/董乐山等译.-北京:世界知识出版社,1979
    498页:地图;20cm
    书名原文:The rise and fall of the a history of nazi germany
    
    ISBN :CNY1.72
    
●
相关链接 在E读中查询图书 在五车中查询图书 在当当中查询图书 在豆瓣中查询图书


正题名:第三帝国的兴亡     索取号:I712.4/JY28:1         预约/预借

序号 登录号 条形码 馆藏地/架位号 状态 备注
1 7837627   278376277   学院路分馆/ [索取号:I712.4/JY28:1] 在馆    
唐山师范学院图书馆 欢迎您!
大连网信软件有限公司© 版权所有